<?xml version="1.0" encoding="UTF-8"?>
<record
    xmlns:xsi="http://www.w3.org/2001/XMLSchema-instance"
    xsi:schemaLocation="http://www.loc.gov/MARC21/slim http://www.loc.gov/standards/marcxml/schema/MARC21slim.xsd"
    xmlns="http://www.loc.gov/MARC21/slim">

  <leader>00828nam a22002177a 4500</leader>
  <controlfield tag="005">20240321111042.0</controlfield>
  <datafield tag="010" ind1=" " ind2=" ">
    <subfield code="a">B-756443-454 ENG-139836</subfield>
  </datafield>
  <datafield tag="020" ind1=" " ind2=" ">
    <subfield code="c">165.00</subfield>
    <subfield code="a">9789324192677</subfield>
  </datafield>
  <datafield tag="035" ind1=" " ind2=" ">
    <subfield code="a">B-756443-454</subfield>
  </datafield>
  <datafield tag="035" ind1=" " ind2=" ">
    <subfield code="a">EN-123368</subfield>
  </datafield>
  <datafield tag="037" ind1=" " ind2=" ">
    <subfield code="b">Aadhunik Prakashan</subfield>
  </datafield>
  <datafield tag="082" ind1=" " ind2=" ">
    <subfield code="a">004</subfield>
  </datafield>
  <datafield tag="100" ind1=" " ind2=" ">
    <subfield code="a">Gaikwad, Neetu</subfield>
    <subfield code="9">63721</subfield>
  </datafield>
  <datafield tag="245" ind1=" " ind2=" ">
    <subfield code="a">Study Guide CCC:</subfield>
    <subfield code="b">Course on Computer Concepts/</subfield>
    <subfield code="c">Neetu Gaikwad and Shweta Agarwal</subfield>
  </datafield>
  <datafield tag="260" ind1=" " ind2=" ">
    <subfield code="a">New Delhi</subfield>
    <subfield code="b">Arihant</subfield>
  </datafield>
  <datafield tag="270" ind1=" " ind2=" ">
    <subfield code="b">New Delhi</subfield>
    <subfield code="a">Ramchhaya 4577/15, Agarwal Road, Darya Ganj,</subfield>
    <subfield code="e">110002</subfield>
  </datafield>
  <datafield tag="300" ind1=" " ind2=" ">
    <subfield code="a">200p.</subfield>
    <subfield code="c">24cm(pbk)</subfield>
  </datafield>
  <datafield tag="700" ind1=" " ind2=" ">
    <subfield code="a">Agarwal, Shweta</subfield>
    <subfield code="9">60680</subfield>
  </datafield>
  <datafield tag="942" ind1=" " ind2=" ">
    <subfield code="2">ddc</subfield>
    <subfield code="c">EN</subfield>
    <subfield code="h">004</subfield>
    <subfield code="m">GAI</subfield>
  </datafield>
  <datafield tag="999" ind1=" " ind2=" ">
    <subfield code="c">199981</subfield>
    <subfield code="d">199981</subfield>
  </datafield>
  <datafield tag="952" ind1=" " ind2=" ">
    <subfield code="0">0</subfield>
    <subfield code="1">0</subfield>
    <subfield code="4">0</subfield>
    <subfield code="7">0</subfield>
    <subfield code="8">NFIC</subfield>
    <subfield code="a">L</subfield>
    <subfield code="b">L</subfield>
    <subfield code="d">2024-01-09</subfield>
    <subfield code="e">Adhunik Prakashan/1045/30.11.23/25/30.11.23/1.12.23</subfield>
    <subfield code="g">165.00</subfield>
    <subfield code="l">3</subfield>
    <subfield code="m">1</subfield>
    <subfield code="o">004 GAI</subfield>
    <subfield code="p">B-756443</subfield>
    <subfield code="r">2026-01-27 00:00:00</subfield>
    <subfield code="s">2026-01-24</subfield>
    <subfield code="t">1</subfield>
    <subfield code="v">165.00</subfield>
    <subfield code="w">2024-01-09</subfield>
    <subfield code="y">EN</subfield>
  </datafield>
  <datafield tag="952" ind1=" " ind2=" ">
    <subfield code="0">0</subfield>
    <subfield code="1">0</subfield>
    <subfield code="4">0</subfield>
    <subfield code="7">0</subfield>
    <subfield code="8">NFIC</subfield>
    <subfield code="a">M</subfield>
    <subfield code="b">M</subfield>
    <subfield code="d">2024-01-09</subfield>
    <subfield code="e">Adhunik Prakashan/1045/30.11.23/25/30.11.23/1.12.23</subfield>
    <subfield code="g">165.00</subfield>
    <subfield code="l">0</subfield>
    <subfield code="o">004 GAI</subfield>
    <subfield code="p">B-756444</subfield>
    <subfield code="r">2024-01-09 00:00:00</subfield>
    <subfield code="t">2</subfield>
    <subfield code="v">165.00</subfield>
    <subfield code="w">2024-01-09</subfield>
    <subfield code="y">EN</subfield>
  </datafield>
  <datafield tag="952" ind1=" " ind2=" ">
    <subfield code="0">0</subfield>
    <subfield code="1">0</subfield>
    <subfield code="4">0</subfield>
    <subfield code="7">0</subfield>
    <subfield code="8">NFIC</subfield>
    <subfield code="a">M</subfield>
    <subfield code="b">M</subfield>
    <subfield code="d">2024-01-09</subfield>
    <subfield code="e">Adhunik Prakashan/1045/30.11.23/25/30.11.23/1.12.23</subfield>
    <subfield code="g">165.00</subfield>
    <subfield code="l">0</subfield>
    <subfield code="o">004 GAI</subfield>
    <subfield code="p">B-756445</subfield>
    <subfield code="r">2024-01-09 00:00:00</subfield>
    <subfield code="t">3</subfield>
    <subfield code="v">165.00</subfield>
    <subfield code="w">2024-01-09</subfield>
    <subfield code="y">EN</subfield>
  </datafield>
  <datafield tag="952" ind1=" " ind2=" ">
    <subfield code="0">0</subfield>
    <subfield code="1">0</subfield>
    <subfield code="4">0</subfield>
    <subfield code="7">0</subfield>
    <subfield code="8">NFIC</subfield>
    <subfield code="a">AV</subfield>
    <subfield code="b">AV</subfield>
    <subfield code="d">2024-01-09</subfield>
    <subfield code="e">Adhunik Prakashan/1045/30.11.23/25/30.11.23/1.12.23</subfield>
    <subfield code="g">165.00</subfield>
    <subfield code="l">2</subfield>
    <subfield code="m">3</subfield>
    <subfield code="o">004 GAI</subfield>
    <subfield code="p">B-756446</subfield>
    <subfield code="r">2025-01-08 00:00:00</subfield>
    <subfield code="s">2024-12-18</subfield>
    <subfield code="t">4</subfield>
    <subfield code="v">165.00</subfield>
    <subfield code="w">2024-01-09</subfield>
    <subfield code="y">EN</subfield>
  </datafield>
  <datafield tag="952" ind1=" " ind2=" ">
    <subfield code="0">0</subfield>
    <subfield code="1">0</subfield>
    <subfield code="4">0</subfield>
    <subfield code="7">0</subfield>
    <subfield code="8">NFIC</subfield>
    <subfield code="a">TN</subfield>
    <subfield code="b">TN</subfield>
    <subfield code="d">2024-01-09</subfield>
    <subfield code="e">Adhunik Prakashan/1045/30.11.23/25/30.11.23/1.12.23</subfield>
    <subfield code="g">165.00</subfield>
    <subfield code="l">0</subfield>
    <subfield code="o">004 GAI</subfield>
    <subfield code="p">B-756447</subfield>
    <subfield code="r">2024-01-09 00:00:00</subfield>
    <subfield code="t">5</subfield>
    <subfield code="v">165.00</subfield>
    <subfield code="w">2024-01-09</subfield>
    <subfield code="y">EN</subfield>
  </datafield>
  <datafield tag="952" ind1=" " ind2=" ">
    <subfield code="0">0</subfield>
    <subfield code="1">0</subfield>
    <subfield code="4">0</subfield>
    <subfield code="7">0</subfield>
    <subfield code="8">NFIC</subfield>
    <subfield code="a">CJ</subfield>
    <subfield code="b">CJ</subfield>
    <subfield code="d">2024-01-09</subfield>
    <subfield code="e">Adhunik Prakashan/1045/30.11.23/25/30.11.23/1.12.23</subfield>
    <subfield code="g">165.00</subfield>
    <subfield code="l">1</subfield>
    <subfield code="o">004 GAI</subfield>
    <subfield code="p">B-756448</subfield>
    <subfield code="r">2025-11-22 00:00:00</subfield>
    <subfield code="s">2025-10-23</subfield>
    <subfield code="t">6</subfield>
    <subfield code="v">165.00</subfield>
    <subfield code="w">2024-01-09</subfield>
    <subfield code="y">EN</subfield>
  </datafield>
  <datafield tag="952" ind1=" " ind2=" ">
    <subfield code="0">0</subfield>
    <subfield code="1">0</subfield>
    <subfield code="4">0</subfield>
    <subfield code="7">0</subfield>
    <subfield code="8">NFIC</subfield>
    <subfield code="a">ZLS</subfield>
    <subfield code="b">ZLS</subfield>
    <subfield code="d">2024-01-09</subfield>
    <subfield code="e">Adhunik Prakashan/1045/30.11.23/25/30.11.23/1.12.23</subfield>
    <subfield code="g">165.00</subfield>
    <subfield code="l">0</subfield>
    <subfield code="o">004 GAI</subfield>
    <subfield code="p">B-756449</subfield>
    <subfield code="r">2024-01-09 00:00:00</subfield>
    <subfield code="t">7</subfield>
    <subfield code="v">165.00</subfield>
    <subfield code="w">2024-01-09</subfield>
    <subfield code="y">EN</subfield>
  </datafield>
  <datafield tag="952" ind1=" " ind2=" ">
    <subfield code="0">0</subfield>
    <subfield code="1">0</subfield>
    <subfield code="4">0</subfield>
    <subfield code="7">0</subfield>
    <subfield code="8">NFIC</subfield>
    <subfield code="a">BN</subfield>
    <subfield code="b">BN</subfield>
    <subfield code="d">2024-01-09</subfield>
    <subfield code="e">Adhunik Prakashan/1045/30.11.23/25/30.11.23/1.12.23</subfield>
    <subfield code="g">165.00</subfield>
    <subfield code="l">0</subfield>
    <subfield code="o">004 GAI</subfield>
    <subfield code="p">B-756450</subfield>
    <subfield code="r">2024-01-09 00:00:00</subfield>
    <subfield code="t">8</subfield>
    <subfield code="v">165.00</subfield>
    <subfield code="w">2024-01-09</subfield>
    <subfield code="y">EN</subfield>
  </datafield>
  <datafield tag="952" ind1=" " ind2=" ">
    <subfield code="0">0</subfield>
    <subfield code="1">0</subfield>
    <subfield code="4">0</subfield>
    <subfield code="7">0</subfield>
    <subfield code="8">NFIC</subfield>
    <subfield code="a">BL4</subfield>
    <subfield code="b">BL4</subfield>
    <subfield code="d">2024-01-09</subfield>
    <subfield code="e">Adhunik Prakashan/1045/30.11.23/25/30.11.23/1.12.23</subfield>
    <subfield code="g">165.00</subfield>
    <subfield code="l">4</subfield>
    <subfield code="m">2</subfield>
    <subfield code="o">004 GAI</subfield>
    <subfield code="p">B-756451</subfield>
    <subfield code="r">2026-04-04 07:53:37</subfield>
    <subfield code="s">2026-02-26</subfield>
    <subfield code="t">9</subfield>
    <subfield code="v">165.00</subfield>
    <subfield code="w">2024-01-09</subfield>
    <subfield code="y">EN</subfield>
  </datafield>
  <datafield tag="952" ind1=" " ind2=" ">
    <subfield code="0">0</subfield>
    <subfield code="1">0</subfield>
    <subfield code="4">0</subfield>
    <subfield code="7">0</subfield>
    <subfield code="8">NFIC</subfield>
    <subfield code="a">YV</subfield>
    <subfield code="b">YV</subfield>
    <subfield code="d">2024-01-09</subfield>
    <subfield code="e">Adhunik Prakashan/1045/30.11.23/25/30.11.23/1.12.23</subfield>
    <subfield code="g">165.00</subfield>
    <subfield code="l">1</subfield>
    <subfield code="m">2</subfield>
    <subfield code="o">004 GAI</subfield>
    <subfield code="p">B-756452</subfield>
    <subfield code="r">2024-04-15 00:00:00</subfield>
    <subfield code="s">2024-03-16</subfield>
    <subfield code="t">10</subfield>
    <subfield code="v">165.00</subfield>
    <subfield code="w">2024-01-09</subfield>
    <subfield code="y">EN</subfield>
  </datafield>
  <datafield tag="952" ind1=" " ind2=" ">
    <subfield code="0">0</subfield>
    <subfield code="1">0</subfield>
    <subfield code="4">0</subfield>
    <subfield code="7">0</subfield>
    <subfield code="8">NFIC</subfield>
    <subfield code="a">RC3SGM</subfield>
    <subfield code="b">RC3SGM</subfield>
    <subfield code="d">2024-01-09</subfield>
    <subfield code="e">Adhunik Prakashan/1045/30.11.23/25/30.11.23/1.12.23</subfield>
    <subfield code="g">165.00</subfield>
    <subfield code="l">0</subfield>
    <subfield code="o">004 GAI</subfield>
    <subfield code="p">B-756453</subfield>
    <subfield code="r">2024-01-09 00:00:00</subfield>
    <subfield code="t">11</subfield>
    <subfield code="v">165.00</subfield>
    <subfield code="w">2024-01-09</subfield>
    <subfield code="y">EN</subfield>
  </datafield>
  <datafield tag="952" ind1=" " ind2=" ">
    <subfield code="0">0</subfield>
    <subfield code="1">0</subfield>
    <subfield code="4">0</subfield>
    <subfield code="7">0</subfield>
    <subfield code="8">NFIC</subfield>
    <subfield code="a">RC4SEELP</subfield>
    <subfield code="b">RC4SEELP</subfield>
    <subfield code="d">2024-01-09</subfield>
    <subfield code="e">Adhunik Prakashan/1045/30.11.23/25/30.11.23/1.12.23</subfield>
    <subfield code="g">165.00</subfield>
    <subfield code="l">0</subfield>
    <subfield code="o">004 GAI</subfield>
    <subfield code="p">B-756454</subfield>
    <subfield code="r">2024-01-09 00:00:00</subfield>
    <subfield code="t">12</subfield>
    <subfield code="v">165.00</subfield>
    <subfield code="w">2024-01-09</subfield>
    <subfield code="y">EN</subfield>
  </datafield>
  <datafield tag="952" ind1=" " ind2=" ">
    <subfield code="0">0</subfield>
    <subfield code="1">0</subfield>
    <subfield code="4">0</subfield>
    <subfield code="7">0</subfield>
    <subfield code="8">NFIC</subfield>
    <subfield code="a">CJ</subfield>
    <subfield code="b">CJ</subfield>
    <subfield code="d">2024-03-21</subfield>
    <subfield code="g">165.00</subfield>
    <subfield code="l">0</subfield>
    <subfield code="o">004 GAI</subfield>
    <subfield code="p">EN-123368</subfield>
    <subfield code="r">2024-03-21 00:00:00</subfield>
    <subfield code="t">1</subfield>
    <subfield code="v">165.00</subfield>
    <subfield code="w">2024-03-21</subfield>
    <subfield code="y">EN</subfield>
  </datafield>
</record>
